2050年でも30,000人以上の市 西日本編 - Statistics

General Stats
  • This quiz has been taken 9 times
  • The average score is 3 of 25
Answers on the Grid
Answers color-coded by a green-red scale on the quiz's grid according to % correct below.
南城市
吉野川市
宇土市
府中市
境港市
坂出市
いなべ市
向日市
和泉市
小野市
日向市
葛城市
小城市
山鹿市
赤穂市
光市
紀の川市
日置市
奄美市
宇佐市
田川市
京丹後市
嬉野市
米原市
大洲市
高島市
南島原市
日南市
志摩市
島原市
由布市
神埼市
小林市
南あわじ市
南国市
益田市
真庭市
倉吉市
浜田市
さぬき市
加東市
大阪狭山市
筑後市
中間市
高石市
赤磐市
三次市
海南市
阪南市
菊池市
 
Answer Stats
Answer % Correct
和泉市
50%
南城市
25%
坂出市
25%
小城市
25%
山鹿市
25%
光市
25%
紀の川市
25%
宇佐市
25%
田川市
25%
いなべ市
0%
向日市
0%
小野市
0%
日向市
0%
葛城市
0%
日置市
0%
南国市
0%
倉吉市
0%
浜田市
0%
加東市
0%
大阪狭山市
0%
筑後市
0%
高石市
0%
赤磐市
0%
三次市
0%
菊池市
0%
No matching quizzes found
Score Distribution
Percent of People with Each Score
Percentile by Number Answered
Your Score History
You have not taken this quiz